Statistics for Teen Titans GO! Characters

Click here to take the quiz!

General Stats

  • This quiz has been taken 1,553 times
    (1,538 since last reset)
  • The average score is 6 of 13

Answer Stats

HintCharacter% Correct
LeaderRobin
99%
Green Animal shifterBeast boy
95%
Robot BodyCyborg
92%
Pink Girl With Lazer EyesStarfire
91%
Dark soul behind the capeRaven
88%
Lazer Eyes' Evil TwinBlackfire
38%
Leader of the Hive FiveGizmo
38%
Member 2#Jinx
21%
Member 3#Mammoth
9%
Member 4#Billy Numerous
3%
Magician Who inspired the leaderMumbo Jumbo
3%
Member 5#Tumblr
0%
The Carrot KingVegatron
0%

Score Distribution

Percentile by Number Answered

Percent of People with Each Score

Your Score History

You have not taken this quiz since the last reset